000 00293nam a2200109Ia 4500
008 231011s9999 xx 000 0 und d
041 _aeng
100 _aE.Jerome McCarthy
245 _aEssentials of Marketing
260 _bRichard D Irwin ,Homewood,Irvin Dersey Ltd.Ontario -
365 _b317
999 _c884472
_d884472